| 000 | 00542cam a22002051 4500 | ||
|---|---|---|---|
| 001 | sa 66008008 | ||
| 003 | DLC | ||
| 005 | 20260227112309.0 | ||
| 008 | 881028s1965 xx 000 0 beno | ||
| 010 | _asa 66008008 | ||
| 035 | _a(OCoLC)23557018 | ||
| 040 |
_aDLC _cMiU _dDLC |
||
| 050 | 0 | 0 |
_aPK1718.G817 _bE4 |
| 100 | 1 |
_aGupta, Debanārāẏaṇa, _d1910- |
|
| 245 | 1 | 0 | _aEkaka daśaka śataka. |
| 260 | _c[1965?] | ||
| 300 |
_a12, 120 p. _c20 cm. |
||
| 500 | _aRomanized. | ||
| 700 | 1 |
_aMitra, Bimal, _d1912-1991. _tEkaka daśaka śataka. |
|
| 999 |
_c71573 _d71573 |
||